[Event "RUS-ch Rapid"]
[Site "Sochi"]
[Date "2021.10.13"]
[Round "7"]
[White "Yatzenko, Anton"]
[Black "Grachev, Boris V"]
[Result "0-1"]
[WhiteElo "2370"]
[BlackElo "2615"]
[PlyCount "50"]
[EventDate "2021.10.12"]
[EventType "swiss (rapid)"]
[EventRounds "11"]
[EventCountry "RUS"]
[SourceTitle "CBM 204 Extra"]
[Source "ChessBase"]
[SourceDate "2021.11.30"]
[SourceVersion "1"]
[SourceVersionDate "2021.11.30"]
[SourceQuality "1"]

1. d4 d5 2. Nf3 Nf6 3. Bf4 Bf5 4. e3 e6 5. c4 Bxb1 6. Qxb1 Bb4+ 7. Kd1 Bd6 8. Bxd6 Qxd6 9. cxd5 exd5 10. Bd3 Nbd7 11. Ke2 0-0 12. Rd1 Rae8 13. Qc2 Ne4 14. g3 f5 15. Kf1 c6 16. b4 Qh6 17. h4 Ndf6 18. Bxe4 fxe4 19. Nh2 g5 20. Kg2 gxh4 21. gxh4 Qxh4 22. Rg1 Kh8 23. Kh1 h5 24. Rg2 Ng4 25. Kg1 Rg8 0-1

[Event "Nezhmetdinov Memorial 43rd"]
[Site "Kazan"]
[Date "2021.06.05"]
[Round "9"]
[White "Yatzenko, Anton"]
[Black "Faizrakhmanov, Ramil"]
[Result "0-1"]
[WhiteElo "2374"]
[BlackElo "2487"]
[PlyCount "78"]
[EventDate "2021.05.29"]
[EventType "swiss"]
[EventRounds "9"]
[EventCountry "RUS"]
[SourceTitle "CBM 203 Extra"]
[Source "ChessBase"]
[SourceDate "2021.09.30"]
[SourceVersion "1"]
[SourceVersionDate "2021.09.30"]
[SourceQuality "1"]

1. d4 Nf6 2. Nf3 e6 3. Bf4 c5 4. e3 Nc6 5. Nbd2 d5 6. c3 Bd6 7. Bg3 0-0 8. Bd3 b6 9. e4 Be7 10. e5 Nh5 11. Ng5 Bxg5 12. Qxh5 g6 13. Qe2 cxd4 14. h4 Bh6 15. h5 dxc3 16. bxc3 g5 17. Nf3 f5 18. exf6 Qxf6 19. 0-0 Bg7 20. Rad1 Bd7 21. Bb5 Qh6 22. Nxg5 Rae8 23. Qg4 Rf5 24. Ne4 Ref8 25. Bd6 Ne5 26. Bxe5 Bxb5 27. Bxg7 Qxg7 28. Qxg7+ Kxg7 29. Nd6 Bxf1 30. Nxf5+ Rxf5 31. Kxf1 Rxh5 32. Ke2 Rh4 33. Rd2 b5 34. Kd1 Rc4 35. Rd3 h5 36. Rh3 h4 37. a3 Ra4 38. Kd2 Kf6 39. Rf3+ Ke5 0-1

[Event "EU-ch qual Online"]
[Site "Tornelo INT"]
[Date "2020.12.18"]
[Round "10"]
[White "Kazakouski, Valery"]
[Black "Yatzenko, Anton"]
[Result "1/2-1/2"]
[WhiteElo "2473"]
[BlackElo "2379"]
[PlyCount "79"]
[EventDate "2020.12.18"]
[EventType "swiss"]
[EventRounds "11"]
[EventCountry "POL"]
[SourceTitle "CBM 199 Extra"]
[Source "ChessBase"]
[SourceDate "2021.01.31"]
[SourceVersion "1"]
[SourceVersionDate "2021.01.31"]
[SourceQuality "1"]

1. d4 d5 2. c4 e6 3. Nf3 Nf6 4. g3 Bb4+ 5. Nc3 dxc4 6. Bg2 c6 7. Ne5 Nd5 8. 0-0 b5 9. Bd2 Bxc3 10. bxc3 0-0 11. e4 Ne7 12. a4 Nd7 13. Ng4 Bb7 14. f4 f5 15. exf5 exf5 16. Ne3 Nf6 17. axb5 Qc7 18. bxc6 Bxc6 19. Bxc6 Qxc6 20. Qa4 Qxa4 21. Rxa4 Ne4 22. Rd1 Rfc8 23. Be1 g6 24. Rda1 Rc7 25. Kg2 Kf8 26. Kf3 Rb8 27. Rxc4 Rxc4 28. Nxc4 Rc8 29. Ne5 Nxc3 30. Rxa7 Ncd5 31. Nd7+ Ke8 32. Nc5 Rb8 33. Nd3 Nc6 34. Rxh7 Rb3 35. Ke2 Nxd4+ 36. Kd2 Nf3+ 37. Kc2 Nd4+ 38. Kd2 Nf3+ 39. Kc2 Nd4+ 40. Kd2 1/2-1/2

[Event "EU-ch qual Online"]
[Site "Tornelo INT"]
[Date "2020.12.18"]
[Round "2"]
[White "Kovalenko, Igor"]
[Black "Yatzenko, Anton"]
[Result "1-0"]
[WhiteElo "2643"]
[BlackElo "2379"]
[PlyCount "73"]
[EventDate "2020.12.18"]
[EventType "swiss"]
[EventRounds "11"]
[EventCountry "POL"]
[SourceTitle "CBM 199 Extra"]
[Source "ChessBase"]
[SourceDate "2021.01.31"]
[SourceVersion "1"]
[SourceVersionDate "2021.01.31"]
[SourceQuality "1"]

1. d4 d5 2. Nf3 Nf6 3. c4 e6 4. Nc3 Be7 5. Bg5 h6 6. Bxf6 Bxf6 7. e3 0-0 8. Rc1 c6 9. a3 Nd7 10. h3 Re8 11. cxd5 exd5 12. Bd3 a5 13. 0-0 Nb6 14. Bb1 g6 15. Ne2 Bg7 16. Nf4 Qd6 17. Nd3 Nc4 18. Ba2 b5 19. a4 Bf5 20. b3 Nb6 21. Nc5 Re7 22. Bb1 Bxb1 23. Rxb1 Nd7 24. Rc1 Nb6 25. Qd3 bxa4 26. bxa4 Nc4 27. Rb1 Rb8 28. Rxb8+ Qxb8 29. Rb1 Qc8 30. Nd2 Nd6 31. Rb6 Rc7 32. Qa6 Qe8 33. Rb1 Nf5 34. Qxa5 Re7 35. Nf1 h5 36. Qb4 Kh7 37. Qb8 1-0

[Event "EU-ch qual Online"]
[Site "Tornelo INT"]
[Date "2020.12.18"]
[Round "6"]
[White "Tomczak, Jacek"]
[Black "Yatzenko, Anton"]
[Result "1-0"]
[WhiteElo "2610"]
[BlackElo "2379"]
[PlyCount "103"]
[EventDate "2020.12.18"]
[EventType "swiss"]
[EventRounds "11"]
[EventCountry "POL"]
[SourceTitle "CBM 199 Extra"]
[Source "ChessBase"]
[SourceDate "2021.01.31"]
[SourceVersion "1"]
[SourceVersionDate "2021.01.31"]
[SourceQuality "1"]

1. e4 e5 2. Nf3 Nc6 3. d4 exd4 4. Nxd4 Bc5 5. Be3 Qf6 6. c3 Nge7 7. g3 h5 8. Bg2 h4 9. f4 hxg3 10. hxg3 Rxh1+ 11. Bxh1 Qg6 12. Qf3 Bxd4 13. cxd4 d5 14. Nc3 dxe4 15. Nxe4 Bf5 16. Nc3 0-0-0 17. a3 Bg4 18. Qf2 Nf5 19. d5 Re8 20. Be4 Nd8 21. Kd2 Qf6 22. Kc2 a6 23. Re1 Nd6 24. Bd3 Bf5 25. Bxf5+ Qxf5+ 26. Kb3 Qd3 27. Bc1 Qc4+ 28. Kc2 Rxe1 29. Qxe1 Kd7 30. Qe5 f6 31. Qh5 Qd4 32. Qg4+ f5 33. Qe2 N8f7 34. Qe6+ Kd8 35. Be3 Qf6 36. Kd3 Nh6 37. Bd4 Qxe6 38. dxe6 g6 39. Nd5 Ng8 40. Be5 Ne7 41. Bf6 Ndc8 42. Kd4 c6 43. Nxe7 Nxe7 44. Kc5 Ke8 45. Bxe7 Kxe7 46. Kb6 Kxe6 47. Kxb7 Kd5 48. Kxa6 Ke4 49. Kb7 Kf3 50. a4 Kxg3 51. a5 Kxf4 52. a6 1-0

[Event "EU-ch qual Online"]
[Site "Tornelo INT"]
[Date "2020.12.18"]
[Round "1"]
[White "Yatzenko, Anton"]
[Black "Heimann, Andreas"]
[Result "1/2-1/2"]
[WhiteElo "2379"]
[BlackElo "2606"]
[PlyCount "84"]
[EventDate "2020.12.18"]
[EventType "swiss"]
[EventRounds "11"]
[EventCountry "POL"]
[SourceTitle "CBM 199 Extra"]
[Source "ChessBase"]
[SourceDate "2021.01.31"]
[SourceVersion "1"]
[SourceVersionDate "2021.01.31"]
[SourceQuality "1"]

1. d4 Nf6 2. Nf3 d5 3. Bf4 c5 4. e3 e6 5. Nbd2 Bd6 6. Bg3 0-0 7. c3 Qc7 8. Bxd6 Qxd6 9. Ne5 b6 10. Bd3 Ba6 11. Bxa6 Nxa6 12. Qa4 Nc7 13. 0-0 b5 14. Qa3 b4 15. cxb4 cxd4 16. exd4 a5 17. Qd3 Qxb4 18. Rfc1 Qb7 19. Nb3 Rfc8 20. Rab1 a4 21. Nc5 Qb5 22. Qe3 Nce8 23. h3 Nd6 24. b3 axb3 25. axb3 Nf5 26. Qd2 h6 27. g4 Nd6 28. f3 Rc7 29. Rc2 Rca7 30. Kg2 Ra1 31. Rxa1 Rxa1 32. Rc1 Rxc1 33. Qxc1 Qb4 34. Qe3 Nb5 35. Nxf7 Kxf7 36. Qxe6+ Kf8 37. Qc8+ Kf7 38. Qe6+ Kf8 39. Qc8+ Ke7 40. Qe6+ Kd8 41. Qb6+ Ke8 42. Qe6+ Kf8 1/2-1/2

[Event "EU-ch qual Online"]
[Site "Tornelo INT"]
[Date "2020.12.18"]
[Round "9"]
[White "Yatzenko, Anton"]
[Black "Hjartarson, Johann"]
[Result "1-0"]
[WhiteElo "2379"]
[BlackElo "2525"]
[PlyCount "109"]
[EventDate "2020.12.18"]
[EventType "swiss"]
[EventRounds "11"]
[EventCountry "POL"]
[SourceTitle "CBM 199 Extra"]
[Source "ChessBase"]
[SourceDate "2021.01.31"]
[SourceVersion "1"]
[SourceVersionDate "2021.01.31"]
[SourceQuality "1"]

1. d4 Nf6 2. Nf3 g6 3. Bg5 Bg7 4. Nbd2 0-0 5. c3 d6 6. e4 c5 7. dxc5 dxc5 8. Be2 Nc6 9. 0-0 b6 10. Qc2 Bb7 11. Rfe1 Qc7 12. Rad1 Rad8 13. a4 Nh5 14. Bf1 h6 15. Be3 e5 16. Nc4 Nf4 17. g3 Ne6 18. h4 Rxd1 19. Rxd1 Rd8 20. Bh3 Rxd1+ 21. Qxd1 Ncd8 22. Qd6 Bxe4 23. Qxc7 Nxc7 24. Nfxe5 a6 25. Nd7 b5 26. axb5 axb5 27. Nxc5 Bd5 28. Nb6 Bc6 29. Bd7 Bf3 30. Bf4 Nde6 31. Nxe6 Nxe6 32. Bd6 Be2 33. Nd5 g5 34. Ne7+ Kh7 35. h5 Bf8 36. Nf5 Bxh5 37. Bxf8 Nxf8 38. Bxb5 Bf3 39. Nd6 Kg6 40. Be8 Bd5 41. c4 Be6 42. c5 Kf6 43. b4 Ke7 44. Bb5 f5 45. Bd3 f4 46. gxf4 gxf4 47. Nf5+ Kf6 48. Nd4 Ke5 49. Nxe6 Nxe6 50. Kg2 Nd4 51. Kh3 Nc6 52. b5 Nb4 53. b6 Kd5 54. Bb5 Kxc5 55. b7 1-0

[Event "EU-ch qual Online"]
[Site "Tornelo INT"]
[Date "2020.12.18"]
[Round "5"]
[White "Yatzenko, Anton"]
[Black "Sargsyan, Shant"]
[Result "1-0"]
[WhiteElo "2379"]
[BlackElo "2596"]
[PlyCount "115"]
[EventDate "2020.12.18"]
[EventType "swiss"]
[EventRounds "11"]
[EventCountry "POL"]
[SourceTitle "CBM 199 Extra"]
[Source "ChessBase"]
[SourceDate "2021.01.31"]
[SourceVersion "1"]
[SourceVersionDate "2021.01.31"]
[SourceQuality "1"]

1. d4 Nf6 2. Nf3 d5 3. Bf4 c5 4. e3 Nc6 5. Nbd2 e6 6. c3 Bd6 7. Bg3 0-0 8. Bd3 b6 9. e4 Be7 10. e5 Nh5 11. a3 g6 12. Nf1 cxd4 13. cxd4 f5 14. exf6 Bxf6 15. Bb5 Bd7 16. Ne3 Qe7 17. Rc1 Rac8 18. Ba6 Rce8 19. 0-0 Nxg3 20. hxg3 Bg7 21. Re1 Qd6 22. Bb5 Rxf3 23. gxf3 Nxd4 24. Bxd7 Qxd7 25. f4 e5 26. fxe5 Bxe5 27. Kg2 Bg7 28. Qg4 Qf7 29. Rcd1 h5 30. Qf4 Qxf4 31. gxf4 Ne6 32. Nxd5 Bxb2 33. a4 Kf7 34. Re4 Rd8 35. Rde1 Rxd5 36. Rxe6 Bf6 37. Rc6 Rd7 38. Ree6 Bg7 39. Rxg6 Rd4 40. f5 Be5 41. Rce6 Bg7 42. Rd6 Rxd6 43. Rxd6 Bf8 44. Rd7+ Kf6 45. Rxa7 Bc5 46. Rh7 Kg5 47. f6 Kg6 48. Rh8 Bd4 49. f7 Kxf7 50. Rxh5 Ke6 51. Kf3 Bc5 52. Ke2 Bb4 53. f3 Ba5 54. Kd3 Be1 55. Kc4 Bf2 56. Kb5 Kf6 57. Rh6+ Kf5 58. Rxb6 1-0

[Event "RUS-chT rapid"]
[Site "Sochi"]
[Date "2019.10.19"]
[Round "6.1"]
[White "Bocharov, Dmitry"]
[Black "Yatzenko, Anton"]
[Result "1/2-1/2"]
[WhiteElo "2519"]
[BlackElo "2383"]
[PlyCount "149"]
[EventDate "2019.10.18"]
[EventType "team-swiss (rapid)"]
[EventRounds "9"]
[EventCountry "RUS"]
[SourceTitle "CBM 192 Extra"]
[Source "Chessbase"]
[SourceDate "2019.11.06"]
[SourceVersion "1"]
[SourceVersionDate "2019.11.06"]
[SourceQuality "1"]
[WhiteTeam "Negrisi (Bashkortostan)"]
[BlackTeam "Nizhny Novgorod FSHNO"]
[WhiteTeamCountry "RUS"]
[BlackTeamCountry "RUS"]

1. c4 c6 2. Nf3 d5 3. e3 Nf6 4. Nc3 e6 5. b3 Bd6 6. Bb2 0-0 7. d4 Nbd7 8. Bd3 e5 9. cxd5 cxd5 10. dxe5 Nxe5 11. h3 Bd7 12. 0-0 Qe7 13. Nb5 Bxb5 14. Bxb5 Nxf3+ 15. Qxf3 Be5 16. Qe2 Rac8 17. Rfd1 Ne4 18. Rac1 Bxb2 19. Qxb2 Qf6 20. Qxf6 Nxf6 21. Kf1 Rfd8 22. Bd3 g6 23. Ke2 Kf8 24. f4 Ke7 25. Kf3 h5 26. g4 hxg4+ 27. hxg4 Nd7 28. g5 Rxc1 29. Rxc1 Nb6 30. e4 dxe4+ 31. Bxe4 Rd7 32. a4 Kd8 33. a5 Nc8 34. f5 Nd6 35. f6 Rc7 36. Rxc7 Kxc7 37. Bd5 b6 38. b4 Kd7 39. Kf4 Ke8 40. Bc6+ Kd8 41. Bd5 Ke8 42. Ke5 Nf5 43. Bc6+ Kd8 44. Be4 Ne3 45. Kd4 Ng4 46. Bd5 Ke8 47. Bf3 Nf2 48. Bg2 Ng4 49. Bc6+ Kd8 50. Bf3 Nf2 51. Bg2 Ng4 52. a6 Ke8 53. Bf3 Nf2 54. Bc6+ Kd8 55. Bg2 Ng4 56. Ke4 Nf2+ 57. Ke3 Ng4+ 58. Kd4 Ke8 59. b5 Kd8 60. Ke4 Ke8 61. Kf4 Nf2 62. Ke3 Ng4+ 63. Ke2 Ne5 64. Bd5 Nd7 65. Ke3 Nf8 66. Kf4 Nh7 67. Bc6+ Kd8 68. Kg4 Nf8 69. Kg3 Ne6 70. Kg4 Kc7 71. Be8 Nd8 72. Kf4 Ne6+ 73. Kg4 Nd8 74. Kf4 Ne6+ 75. Kg4 1/2-1/2